000 00987nam a2200205Ia 4500
001 11475
003 GE_BSU
008 181216s||||||||xx |||||||||||||| ||und||
040 _cGE_BSU
080 _a636.085/087(075.32)+633.2/3(075.32)
245 _aსაკვებთწარმოება.
245 _bსახელმძღვ.სოფლ.მეურნეობის მე–2 თანრიგის ოსტატთა მოსამზადებლად.
245 _cი.ვ.იაკუშინის საერთო რედ:მ.პ.ელსუკოვის რედ.ვ.მაჭარაშვილისა და ე.ყიფიანის თარგმანი;გ.რცხილაძის რედაქციით.
260 _aთბილისი.
260 _bსახელგამი.
260 _c1952.
300 _a279გვ;20სმ.
653 _aსაკვებთწარმოება.
942 _cBK
999 _c44672
_d44672